000 00649cam a22002293a 4500
001 6964
003 PGUSA
005 20140828083139.0
008 041101s2004||||xxu|||||s|||||000 | eng d
040 _aPGUSA
_beng
042 _adc
050 4 _aBF
100 1 _aKent, Cicely
245 1 0 _aTelling Fortunes By Tea Leaves :
_bHow to Read Your Fate in a Teacup
_h[electronic resource] /
_cCicely Kent
260 _bProject Gutenberg,
_c2004
506 _aPublic domain in the USA.
516 _aElectronic text
653 _aFortune-telling
830 0 _aProject Gutenberg
_v6964
856 4 0 _uhttp://www.gutenberg.org/ebooks/6964
942 _cEB
999 _c236284
_d236284